[Event "World Blitz 2025"]
[Site "Doha QAT"]
[Date "2025.12.29"]
[Round "5.123"]
[White "Dahal, Sushrut"]
[Black "Alsaqer, Meshal"]
[Result "1-0"]
[WhiteTitle "CM"]
[WhiteElo "2037"]
[BlackElo "1853"]
[WhiteFideId "12303275"]
[BlackFideId "10301771"]
[EventDate "2025.12.29"]

1. d4 d5 2. Nc3 Nf6 3. Bf4 c6 4. e3 Qb6 5. Rb1 Bf5 6. f3 h6 7. g4 Bh7 8. Bd3
Bxd3 9. cxd3 e6 10. Nge2 Nbd7 11. O-O a5 12. Kg2 Be7 13. e4 c5 14. e5 Nh7 15.
dxc5 Nxc5 16. d4 Nd7 17. Na4 Qa6 18. Rc1 b5 19. Nc5 Nxc5 20. dxc5 O-O 21. Be3
Rfc8 22. Rc2 Nf8 23. Qd2 b4 24. Rfc1 Rc7 25. Bd4 Rac8 26. f4 Qb5 27. Qe3 Ng6 28.
Ng3 Nf8 29. b3 Nd7 30. Nf1 Bxc5 31. Bxc5 Rxc5 32. Rxc5 Rxc5 33. Ng3 Rxc1 34.
Qxc1 Qc5 35. Qd1 Nb6 36. f5 d4 37. fxe6 fxe6 38. Qe2 Qd5+ 39. Kh3 Nd7 40. Qa6
Nxe5 41. Qc8+ Kh7 42. Qe8 d3 43. Nh5 Qf3+ 44. Ng3 d2 45. Qxe6 d1=Q 46. Qxe5
Qxg4+ 47. Kg2 Qd2+ 48. Kg1 Qgd1+ 49. Nf1 Qg5+ 1-0

[Event "World Blitz 2025"]
[Site "Doha QAT"]
[Date "2025.12.29"]
[Round "5.124"]
[White "Al-Janahi, Ibrahim"]
[Black "Anand, Tsogtbileg"]
[Result "0-1"]
[BlackTitle "CM"]
[WhiteElo "1656"]
[BlackElo "1968"]
[WhiteFideId "12102385"]
[BlackFideId "4926552"]
[EventDate "2025.12.29"]

1. d4 Nf6 2. c4 e6 3. Nc3 Bb4 4. e3 c5 5. a3 Bxc3+ 6. bxc3 Nc6 7. Nf3 O-O 8. Bd3
b6 9. O-O Ba6 10. e4 Ne8 11. Qc2 Na5 12. Qe2 Nd6 13. Bf4 Ndxc4 14. Rfb1 d6 15.
e5 dxe5 16. Bxh7+ Kxh7 17. Ng5+ Kg6 18. dxe5 Qxg5 19. Bxg5 Kxg5 20. h3 Rfd8 21.
Qg4+ Kh6 22. Re1 Bb7 23. Qh4+ Kg6 24. f4 Rd2 25. Qg5+ Kh7 26. Qh5+ Kg8 27. Qg5
Rxg2+ 28. Qxg2 Bxg2 29. Kxg2 Rd8 30. Rad1 Rxd1 31. Rxd1 Ne3+ 32. Kf2 Nxd1+ 33.
Ke2 Nxc3+ 0-1

[Event "World Blitz 2025"]
[Site "Doha QAT"]
[Date "2025.12.29"]
[Round "5.125"]
[White "Alkhuriji, Abdulaziz N"]
[Black "Al-Mansouri, Fahad"]
[Result "1-0"]
[WhiteElo "1972"]
[BlackElo "1607"]
[WhiteFideId "21525919"]
[BlackFideId "12102407"]
[EventDate "2025.12.29"]

1. c4 c5 2. Nc3 Nc6 3. g3 g6 4. Bg2 Bg7 5. e4 e5 6. Nge2 Nge7 7. O-O O-O 8. d3
d6 9. h3 h6 10. a3 Bd7 11. Be3 f5 12. f4 a6 13. fxe5 Nxe5 14. Qd2 Kh7 15. Nf4
N7c6 16. Rae1 fxe4 17. Nxe4 Qe7 18. Nd5 Qd8 19. Rxf8 Bxf8 20. Rf1 Bg7 21. Nxd6
Nd4 22. Nf7 Qe7 23. Nxe7 1-0

[Event "World Blitz 2025"]
[Site "Doha QAT"]
[Date "2025.12.29"]
[Round "5.126"]
[White "Ahmad, Saif"]
[Black "Blackwood, Ryan"]
[Result "1-0"]
[WhiteElo "1567"]
[BlackElo "1945"]
[WhiteFideId "12102709"]
[BlackFideId "7400640"]
[EventDate "2025.12.29"]

1. d4 g6 2. c4 Bg7 3. Nc3 d6 4. e4 Nf6 5. Be2 O-O 6. Be3 Nbd7 7. g4 c5 8. d5 Qa5
9. Bd2 a6 10. g5 Ne8 11. h4 Qd8 12. f4 Rb8 13. a4 f5 14. gxf6 Ndxf6 15. h5 Bd7
16. hxg6 hxg6 17. Nf3 Nh5 18. Rxh5 gxh5 19. Ng5 Bg4 20. Bxg4 hxg4 21. Qxg4 Nf6
22. Qe6+ Kh8 23. O-O-O Bh6 24. Rh1 Kg7 25. Rxh6 Kxh6 26. f5 Kg7 27. e5 dxe5 28.
Qxe5 Qd6 29. Ne6+ Kf7 30. Ng5+ Ke8 31. Qe2 Kd7 32. Ne6 Rg8 33. Bf4 Qb6 34. a5
Qxa5 35. Qe5 Rbc8 36. Nd4 Qa1+ 37. Kc2 Rg2+ 38. Bd2 Qf1 39. Qe6+ Kd8 40. Nc6+
bxc6 41. dxc6 Kc7 42. Qxe7+ Kb6 43. Qxf6 Rxc6 44. Qd8+ Kb7 45. Qd7+ Rc7 46. Qd5+
Kb8 47. Kb3 Qf2 48. Qd8+ Kb7 49. Qd5+ Ka7 50. Bc1 Rb7+ 51. Ka3 Qc2 52. Qxc5+ Ka8
53. Qc8+ Ka7 54. Be3+ Rb6 55. Qc7+ Ka8 56. Qxb6 Qxf5 57. Qa7# 1-0

[Event "World Blitz 2025"]
[Site "Doha QAT"]
[Date "2025.12.29"]
[Round "6.1"]
[White "Bortnyk, Olexandr"]
[Black "Carlsen, Magnus"]
[Result "1/2-1/2"]
[WhiteTitle "GM"]
[BlackTitle "GM"]
[WhiteElo "2601"]
[BlackElo "2840"]
[WhiteFideId "14120828"]
[BlackFideId "1503014"]
[EventDate "2025.12.29"]

1. a3 Nf6 2. Nf3 g6 3. g3 Bg7 4. Bg2 O-O 5. O-O a5 6. d3 a4 7. e4 d6 8. e5 dxe5
9. Nxe5 Nfd7 10. Nxd7 Qxd7 11. Nc3 Nc6 12. Re1 Ra6 13. Be3 Nd4 14. Qd2 e5 15.
Bxd4 exd4 16. Ne4 Rb6 17. Rab1 Rb5 18. h4 h6 19. Qf4 Rf5 20. Qd2 Rb5 21. Qf4 Qd8
22. Nd2 c6 23. Nc4 Be6 24. Qd2 Bd5 25. Qf4 g5 26. hxg5 hxg5 27. Qg4 f5 28. Qh5
Bf7 29. Qh1 Qf6 30. Re2 f4 31. Be4 Qh6 32. Qxh6 Bxh6 33. Nd6 Rb6 34. Nxf7 Kxf7
35. g4 Bg7 36. Kg2 Bf6 37. b4 axb3 38. Rxb3 Rxb3 39. cxb3 Ra8 40. a4 Be7 41. Bf5
Ra5 42. Be6+ Kf6 43. Bc8 Re5 44. Rxe5 Kxe5 45. Bxb7 Bb4 46. Bxc6 Kd6 47. Ba8 Ke5
48. Kf3 Bc3 49. Ke2 Bb4 50. Bb7 Kd6 51. Kd1 Ba5 52. Be4 Bb4 53. Ke2 Ke5 54. Kf3
Kd6 55. Bh7 Ke5 56. Bg8 Bc3 57. b4 Bxb4 58. Ke2 Kd6 59. Kf3 Ke5 1/2-1/2

[Event "World Blitz 2025"]
[Site "Doha QAT"]
[Date "2025.12.29"]
[Round "6.2"]
[White "Van Foreest, Jorden"]
[Black "Erigaisi, Arjun"]
[Result "1-0"]
[WhiteTitle "GM"]
[BlackTitle "GM"]
[WhiteElo "2692"]
[BlackElo "2775"]
[WhiteFideId "1039784"]
[BlackFideId "35009192"]
[EventDate "2025.12.29"]

1. e4 e6 2. d4 d5 3. Nc3 Nf6 4. e5 Nfd7 5. f4 c5 6. Nf3 Be7 7. Ne2 O-O 8. c3 f6
9. h4 Nc6 10. h5 b5 11. a3 Qb6 12. Rh3 cxd4 13. cxd4 b4 14. Be3 Ba6 15. Kf2 Rab8
16. Kg1 bxa3 17. bxa3 Qb3 18. Bf2 Qxd1 19. Rxd1 Bxa3 20. Ra1 Bxe2 21. Bxe2 Bb2
22. Ra6 Rb6 23. h6 g6 24. Rxb6 Nxb6 25. Bb5 Ne7 26. exf6 Rxf6 27. Bh4 Rf7 28.
Ng5 Bxd4+ 29. Kh1 Rxf4 30. Nxe6 Rf1+ 31. Bxf1 1-0

[Event "World Blitz 2025"]
[Site "Doha QAT"]
[Date "2025.12.29"]
[Round "6.3"]
[White "Bu, Xiangzhi"]
[Black "Lu, Shanglei"]
[Result "1/2-1/2"]
[WhiteTitle "GM"]
[BlackTitle "GM"]
[WhiteElo "2665"]
[BlackElo "2643"]
[WhiteFideId "8601445"]
[BlackFideId "8603332"]
[EventDate "2025.12.29"]

1. Nf3 Nf6 2. c4 c6 3. d4 d5 4. cxd5 cxd5 5. Nc3 Nc6 6. Bf4 Bf5 7. e3 e6 8. Bd3
Bxd3 9. Qxd3 Bd6 10. Bxd6 Qxd6 11. O-O O-O 12. Rfc1 Rfc8 13. h3 h6 14. a3 Nd7
15. Rc2 1/2-1/2

[Event "World Blitz 2025"]
[Site "Doha QAT"]
[Date "2025.12.29"]
[Round "6.4"]
[White "Isanzhulov, Arystan"]
[Black "Firouzja, Alireza"]
[Result "0-1"]
[WhiteTitle "IM"]
[BlackTitle "GM"]
[WhiteElo "2419"]
[BlackElo "2762"]
[WhiteFideId "13711644"]
[BlackFideId "12573981"]
[EventDate "2025.12.29"]

1. e4 c5 2. Nf3 d6 3. Nc3 Nf6 4. g3 g6 5. Bg2 Bg7 6. d4 cxd4 7. Nxd4 O-O 8. O-O
Bg4 9. Nde2 Nc6 10. h3 Bd7 11. Be3 a6 12. Rc1 Rc8 13. Nd5 b5 14. Nb6 Rb8 15. Nd5
Be6 16. Nef4 Nd7 17. c3 Nc5 18. Bxc5 dxc5 19. Nxe6 fxe6 20. Nf4 Qc8 21. e5 Kh8
22. Qg4 Rf5 23. Bxc6 Qxc6 24. Rcd1 Bxe5 25. Ng2 Rbf8 26. Nh4 R5f6 27. Rde1 Bc7
28. Re2 e5 29. c4 Rd8 30. b3 Rd4 31. Qc8+ Rd8 32. Qg4 Kg7 33. Rc1 Rd4 34. Qc8
Rf8 35. cxb5 axb5 36. Qg4 Rxg4 37. hxg4 c4 38. Ng2 c3 39. b4 Bb6 40. Rcc2 Bd4 0-1

[Event "World Blitz 2025"]
[Site "Doha QAT"]
[Date "2025.12.29"]
[Round "6.5"]
[White "Radjabov, Teimour"]
[Black "Nepomniachtchi, Ian"]
[Result "1-0"]
[WhiteTitle "GM"]
[BlackTitle "GM"]
[WhiteElo "2692"]
[BlackElo "2723"]
[WhiteFideId "13400924"]
[BlackFideId "4168119"]
[EventDate "2025.12.29"]

1. d4 Nf6 2. c4 e6 3. Nc3 Bb4 4. a3 Bxc3+ 5. bxc3 b6 6. f3 c5 7. e4 Nc6 8. Ne2
d6 9. Ng3 Qc7 10. Bg5 Bb7 11. Be2 Nd7 12. O-O h6 13. Bf4 Na5 14. Kh1 O-O-O 15.
Rc1 f6 16. Re1 h5 17. d5 e5 18. Be3 Ba6 19. Qa4 Nf8 20. Nf1 g5 21. Nd2 Qd7 22.
Qd1 Ng6 23. Rb1 Rdg8 24. Nb3 Nxb3 25. Qxb3 g4 26. Rf1 gxf3 27. Bxf3 Nh4 28. Rf2
Nxf3 29. gxf3 f5 30. exf5 Qxf5 31. Rd1 h4 32. Qa4 Bb7 33. Qxa7 Rg3 34. Rdf1 Kc7
35. Rb2 Kc8 36. Qxb6 1-0

[Event "World Blitz 2025"]
[Site "Doha QAT"]
[Date "2025.12.29"]
[Round "6.6"]
[White "Harikrishna, Pentala"]
[Black "Dubov, Daniil"]
[Result "1/2-1/2"]
[WhiteTitle "GM"]
[BlackTitle "GM"]
[WhiteElo "2693"]
[BlackElo "2672"]
[WhiteFideId "5007003"]
[BlackFideId "24126055"]
[EventDate "2025.12.29"]

1. e4 c5 2. Nf3 d6 3. Nc3 Nf6 4. Be2 e5 5. Bc4 Be7 6. d3 Nc6 7. Bg5 Rb8 8. a4 a6
9. Bxf6 Bxf6 10. Nd5 b5 11. axb5 axb5 12. Bb3 O-O 13. c3 g6 14. h4 h6 15. h5 g5
16. Nh2 Bg7 17. Ng4 Kh8 18. Nge3 Ne7 19. Qf3 f5 20. Nxe7 Qxe7 21. Nxf5 Bxf5 22.
exf5 c4 23. dxc4 e4 24. Qe3 bxc4 25. Bxc4 Rxf5 26. O-O d5 27. Be2 Rxb2 28. Ra8+
Rf8 29. Rxf8+ Qxf8 30. g3 Rc2 31. Rc1 d4 32. cxd4 Rxc1+ 33. Qxc1 Bxd4 34. Qf1 1/2-1/2

[Event "World Blitz 2025"]
[Site "Doha QAT"]
[Date "2025.12.29"]
[Round "6.7"]
[White "Abdusattorov, Nodirbek"]
[Black "Murzin, Volodar"]
[Result "1-0"]
[WhiteTitle "GM"]
[BlackTitle "GM"]
[WhiteElo "2732"]
[BlackElo "2648"]
[WhiteFideId "14204118"]
[BlackFideId "44155573"]
[EventDate "2025.12.29"]

1. e4 e5 2. Nf3 Nc6 3. Bb5 Nf6 4. d3 Bc5 5. O-O Nd4 6. Nxd4 Bxd4 7. c3 Bb6 8.
Na3 c6 9. Ba4 O-O 10. Bg5 h6 11. Bh4 d6 12. Bc2 g5 13. Bg3 Bg4 14. Qd2 Nh5 15.
Kh1 Be6 16. Bb3 Qf6 17. Nc4 Rad8 18. Nxb6 axb6 19. d4 Nf4 20. f3 c5 21. Bf2 Bxb3
22. axb3 Ra8 23. Be3 Qe6 24. g3 Ng6 25. dxc5 dxc5 26. Qd5 Ne7 27. Qxe6 fxe6 28.
Kg2 Nc6 29. g4 Na5 30. Ra3 Nc6 31. Kf2 Rad8 32. Ke2 Kg7 33. Raa1 Kg6 34. h4 gxh4
35. Rh1 Rh8 36. Rxh4 Rh7 37. Rh5 Rdh8 38. Rah1 Kg7 39. b4 cxb4 40. Bxb6 bxc3 41.
bxc3 Kg6 42. Be3 Kg7 43. Bc5 Kg6 44. Bd6 Kf6 45. Ke3 Kg6 46. Bxe5 Nxe5 47. Rxe5
Kf6 48. Reh5 Kg6 49. f4 Rc8 50. g5 Rxc3+ 51. Kd4 Rf3 52. Rxh6+ 1-0

[Event "World Blitz 2025"]
[Site "Doha QAT"]
[Date "2025.12.29"]
[Round "6.8"]
[White "Pichot, Alan"]
[Black "Vachier-Lagrave, Maxime"]
[Result "1/2-1/2"]
[WhiteTitle "GM"]
[BlackTitle "GM"]
[WhiteElo "2597"]
[BlackElo "2734"]
[WhiteFideId "110973"]
[BlackFideId "623539"]
[EventDate "2025.12.29"]

1. e4 c5 2. Nf3 d6 3. d4 cxd4 4. Nxd4 Nf6 5. Nc3 a6 6. a4 e5 7. Nf3 Be7 8. Bc4
Be6 9. Bb3 Qc8 10. O-O O-O 11. Qe2 Nbd7 12. Rd1 Nc5 13. Ba2 Bxa2 14. Rxa2 b5 15.
Bg5 Nxa4 16. Nxa4 bxa4 17. Bxf6 Bxf6 18. Rxa4 Rb8 19. Rxa6 Rxb2 20. Raxd6 Rxc2
21. R6d2 Rxd2 22. Rxd2 Rd8 23. Rxd8+ 1/2-1/2

[Event "World Blitz 2025"]
[Site "Doha QAT"]
[Date "2025.12.29"]
[Round "6.9"]
[White "Gukesh, D"]
[Black "Artemiev, Vladislav"]
[Result "1/2-1/2"]
[WhiteTitle "GM"]
[BlackTitle "GM"]
[WhiteElo "2754"]
[BlackElo "2641"]
[WhiteFideId "46616543"]
[BlackFideId "24101605"]
[EventDate "2025.12.29"]

1. c4 e5 2. Nc3 Nf6 3. Nf3 Nc6 4. g3 g6 5. Bg2 Bg7 6. O-O O-O 7. d3 d6 8. Rb1 a5
9. a3 Re8 10. Bg5 h6 11. Bxf6 Bxf6 12. b4 axb4 13. axb4 Bg7 14. Nd2 e4 15. b5
Ne7 16. Qc2 e3 17. fxe3 Nf5 18. Nd1 Nxe3 19. Nxe3 Rxe3 20. Ne4 Bg4 21. Rbe1 Qe7
22. Qd2 Bd4 23. Kh1 f5 24. Nc3 Bxc3 25. Qxc3 Ra2 26. c5 Kh7 27. cxd6 cxd6 28. b6
h5 29. Qc7 Rb2 30. Bxb7 Bh3 31. Bg2 Bxg2+ 32. Kxg2 Kh6 33. Qxe7 Rxe7 34. Rf4
Rxb6 35. Rd4 Re6 36. Kf3 Rb2 37. h4 Kg7 38. e3 Rb7 39. Rc1 Rbe7 40. e4 fxe4+ 41.
Rxe4 Rxe4 42. dxe4 1/2-1/2

[Event "World Blitz 2025"]
[Site "Doha QAT"]
[Date "2025.12.29"]
[Round "6.10"]
[White "Makhnev, Denis"]
[Black "Andreikin, Dmitry"]
[Result "1-0"]
[WhiteTitle "GM"]
[BlackTitle "GM"]
[WhiteElo "2532"]
[BlackElo "2710"]
[WhiteFideId "13707647"]
[BlackFideId "4158814"]
[EventDate "2025.12.29"]

1. d4 Nf6 2. c4 e6 3. Nf3 b6 4. g3 Bb7 5. Bg2 Bb4+ 6. Bd2 a5 7. O-O O-O 8. Nc3
d6 9. Qc2 Bxc3 10. Bxc3 Be4 11. Qd1 Nbd7 12. b3 Qb8 13. Bh3 b5 14. Nd2 Bg6 15.
Bg2 d5 16. cxd5 exd5 17. a4 Re8 18. Re1 c6 19. e3 h5 20. f3 h4 21. gxh4 b4 22.
Bb2 c5 23. Rc1 cxd4 24. Bxd4 Ne5 25. Rc5 Nd3 26. Rb5 Qd8 27. Rf1 Rc8 28. f4 Rc1
29. Qe2 Nxf4 30. Qf3 Nxg2 31. Rxc1 Nxh4 32. Qf4 Ne4 33. Nf3 Nxf3+ 34. Qxf3 Nd2
35. Qxd5 Qh4 36. Qg2 Nxb3 37. Rd1 Rc8 38. Qg3 Qh5 39. Rxh5 1-0

[Event "World Blitz 2025"]
[Site "Doha QAT"]
[Date "2025.12.29"]
[Round "6.11"]
[White "Pranav, V"]
[Black "Praggnanandhaa, R"]
[Result "1/2-1/2"]
[WhiteTitle "GM"]
[BlackTitle "GM"]
[WhiteElo "2641"]
[BlackElo "2761"]
[WhiteFideId "25060783"]
[BlackFideId "25059530"]
[EventDate "2025.12.29"]

1. e4 c5 2. Nf3 Nc6 3. Nc3 e5 4. Nd5 d6 5. Bc4 Be7 6. O-O Nf6 7. Re1 O-O 8. c3
Be6 9. Nxf6+ Bxf6 10. Bxe6 fxe6 11. d3 Qd7 12. Be3 Be7 13. d4 exd4 14. cxd4 cxd4
15. Nxd4 Bf6 16. Qd2 Rad8 17. Nf3 d5 18. exd5 Qxd5 19. Qe2 Qd3 20. Rac1 Qxe2 21.
Rxe2 Rd5 22. h3 Rfd8 23. b3 Kf7 24. g4 h5 25. Kg2 R8d7 26. Rc4 hxg4 27. hxg4 e5
28. Nd2 Bd8 29. Nf3 Bf6 30. Nd2 Bd8 31. Nf3 1/2-1/2

[Event "World Blitz 2025"]
[Site "Doha QAT"]
[Date "2025.12.29"]
[Round "6.12"]
[White "Nihal, Sarin"]
[Black "Safarli, Eltaj"]
[Result "0-1"]
[WhiteTitle "GM"]
[BlackTitle "GM"]
[WhiteElo "2701"]
[BlackElo "2644"]
[WhiteFideId "25092340"]
[BlackFideId "13402129"]
[EventDate "2025.12.29"]

1. e4 c5 2. Nf3 e6 3. d4 cxd4 4. Nxd4 Nc6 5. Nc3 Bc5 6. Nb3 Bb6 7. Qe2 Nge7 8.
Be3 d5 9. exd5 exd5 10. O-O-O O-O 11. Kb1 d4 12. Na4 Nf5 13. Bf4 Be6 14. Qd2 Qd5
15. Bd3 Rfd8 16. Nxb6 axb6 17. Rhe1 Ra4 18. a3 b5 19. Be4 Qc4 20. Bd3 Qd5 21.
Rxe6 fxe6 22. Qe2 Nd6 23. Bxd6 Rxd6 24. Bxb5 Ra8 25. Bxc6 Rxc6 26. Nxd4 Rd6 27.
Rd3 Qxg2 28. Nxe6 Rxd3 29. Qxd3 Qxf2 30. c4 Qe1+ 0-1

[Event "World Blitz 2025"]
[Site "Doha QAT"]
[Date "2025.12.29"]
[Round "6.13"]
[White "Indjic, Aleksandar"]
[Black "Mamedov, Rauf"]
[Result "1/2-1/2"]
[WhiteTitle "GM"]
[BlackTitle "GM"]
[WhiteElo "2635"]
[BlackElo "2645"]
[WhiteFideId "911925"]
[BlackFideId "13401653"]
[EventDate "2025.12.29"]

1. d4 Nf6 2. Nf3 g6 3. Bg5 Bg7 4. Nbd2 d6 5. c3 O-O 6. e3 h6 7. Bxf6 Bxf6 8. h4
h5 9. Qc2 Bg7 10. Ng5 Nc6 11. Bd3 e5 12. O-O-O Rb8 13. f4 exd4 14. exd4 Bg4 15.
f5 Bxd1 16. Rxd1 gxf5 17. Bxf5 Qf6 18. Rf1 Qh6 19. Bh7+ Kh8 20. Bd3 Rbe8 21. Qb3
Nd8 22. Kc2 f6 23. Nh3 Ne6 24. Bf5 Qe3 25. Bg6 Bh6 26. Rf2 Nf4 27. Rf3 Qe1 28.
Rf1 Qe3 29. Rf3 Qe1 30. Rf1 Qe3 31. Rf3 1/2-1/2

[Event "World Blitz 2025"]
[Site "Doha QAT"]
[Date "2025.12.29"]
[Round "6.14"]
[White "Pranav, Anand"]
[Black "Grischuk, Alexander"]
[Result "1-0"]
[WhiteTitle "GM"]
[BlackTitle "GM"]
[WhiteElo "2591"]
[BlackElo "2654"]
[WhiteFideId "46626786"]
[BlackFideId "4126025"]
[EventDate "2025.12.29"]

1. e4 c5 2. Nf3 d6 3. d4 cxd4 4. Nxd4 Nf6 5. Nc3 a6 6. Bd3 g6 7. f3 e5 8. Nb3
Be6 9. Be3 Nbd7 10. Qd2 Be7 11. Bh6 Qc7 12. O-O Bf8 13. Rad1 Bxh6 14. Qxh6 Rg8
15. Qe3 g5 16. Kh1 h5 17. Nd5 Bxd5 18. exd5 Nxd5 19. Qd2 Nf4 20. Bf5 Ke7 21. c4
Nf6 22. Rfe1 a5 23. c5 d5 24. Qc3 Kf8 25. Qxe5 Qxe5 26. Rxe5 a4 27. Nd4 h4 28.
g3 hxg3 29. hxg3 Ng6 30. Bxg6 Rxg6 31. g4 Rc8 32. Rc1 Re8 33. Rxe8+ Nxe8 34. b4
axb3 35. axb3 Nc7 36. b4 Ne6 37. Nf5 Ke8 1-0

[Event "World Blitz 2025"]
[Site "Doha QAT"]
[Date "2025.12.29"]
[Round "6.15"]
[White "Esipenko, Andrey"]
[Black "Sargsyan, Shant"]
[Result "1-0"]
[WhiteTitle "GM"]
[BlackTitle "GM"]
[WhiteElo "2698"]
[BlackElo "2665"]
[WhiteFideId "24175439"]
[BlackFideId "13306766"]
[EventDate "2025.12.29"]

1. e4 e5 2. Nf3 Nc6 3. Bb5 a6 4. Ba4 Nf6 5. d4 exd4 6. O-O Be7 7. e5 Ne4 8. Nxd4
Nc5 9. Nf5 O-O 10. Qg4 g6 11. Bxc6 dxc6 12. Nxe7+ Qxe7 13. Qg3 Bf5 14. Bg5 Qe6
15. Nd2 Rfe8 16. Rfe1 h5 17. h3 Qd5 18. Qe3 Nd7 19. Nf3 Qc5 20. Qf4 Qf8 21. Rad1
Nc5 22. Nd4 Ne6 23. Nxe6 Bxe6 24. b3 a5 25. g4 Qg7 26. Kh2 Qh7 27. Kg3 a4 28.
Rd3 axb3 29. axb3 Ra5 30. c4 b5 31. Red1 Raa8 32. Bf6 bxc4 33. bxc4 c5 34. Kg2
Ra4 35. Rd8 Ra8 36. Rxa8 Rxa8 37. Rd3 Kf8 38. Qd2 Re8 39. Rd8 1-0

[Event "World Blitz 2025"]
[Site "Doha QAT"]
[Date "2025.12.29"]
[Round "6.16"]
[White "Salem, A.R. Saleh"]
[Black "Hovhannisyan, Robert"]
[Result "1-0"]
[WhiteTitle "GM"]
[BlackTitle "GM"]
[WhiteElo "2635"]
[BlackElo "2621"]
[WhiteFideId "9301348"]
[BlackFideId "13302507"]
[EventDate "2025.12.29"]

1. d4 d5 2. c4 e6 3. Nc3 Nf6 4. cxd5 exd5 5. Bg5 c6 6. e3 Bf5 7. Nge2 h6 8. Bf4
Nbd7 9. Ng3 Be6 10. h4 Nb6 11. Bd3 Be7 12. Qc2 O-O 13. O-O-O Nc4 14. Nf5 Bxf5
15. Bxf5 Bd6 16. Ne2 Bxf4 17. Nxf4 Nd6 18. Bd3 Re8 19. Kb1 a5 20. Rde1 a4 21. a3
b5 22. g4 b4 23. g5 Nfe4 24. f3 bxa3 25. fxe4 dxe4 26. Be2 Rb8 27. Qxc6 Qa5 28.
Ka1 axb2+ 29. Kb1 a3 30. Qd5 Nb5 31. Bxb5 Rxb5 32. Qa2 Rc8 33. g6 Kh8 34. gxf7
Qa4 35. f8=Q+ Rxf8 36. Ng6+ Kh7 37. Nxf8+ Kh8 38. Ng6+ Kh7 39. Rhg1 Rb3 40. Nf8+
Kh8 41. Ne6 Qc4 42. Nc5 1-0

[Event "World Blitz 2025"]
[Site "Doha QAT"]
[Date "2025.12.29"]
[Round "6.17"]
[White "Sadhwani, Raunak"]
[Black "Maksimovic, Bojan"]
[Result "1/2-1/2"]
[WhiteTitle "GM"]
[BlackTitle "GM"]
[WhiteElo "2638"]
[BlackElo "2533"]
[WhiteFideId "35093487"]
[BlackFideId "14408120"]
[EventDate "2025.12.29"]

1. e4 e6 2. d4 d5 3. Nd2 c5 4. Ngf3 cxd4 5. exd5 Qxd5 6. Bc4 Qd7 7. O-O Nc6 8.
Nb3 a6 9. Nbxd4 Nxd4 10. Nxd4 Qc7 11. Bb3 Bd6 12. h3 Ne7 13. Qh5 O-O 14. Nf3 Ng6
15. Ng5 h6 16. Nxe6 Bxe6 17. Bxe6 Qxc2 18. Bf5 Qc4 19. Bxh6 gxh6 20. Bxg6 Qf4
21. g3 Qg5 22. Qxg5 hxg5 23. Be4 Be5 24. Rab1 Rab8 25. b3 Rfd8 26. Rfd1 b6 27.
Kg2 Kg7 28. Rbc1 Bf6 29. a4 Rxd1 30. Rxd1 Rd8 31. Bd5 Be7 32. Kf3 Bc5 33. Rd3
Kh6 34. Ke4 Rd7 35. Rf3 Kg6 36. g4 a5 37. Rf5 Re7+ 38. Kd3 f6 39. Be4 Kg7 40. f4
Rd7+ 41. Ke2 Rd4 42. Kf3 Rd1 43. Ke2 Rd4 44. Kf3 Rd1 45. Ke2 Rd4 46. Kf3 1/2-1/2

[Event "World Blitz 2025"]
[Site "Doha QAT"]
[Date "2025.12.29"]
[Round "6.18"]
[White "So, Wesley"]
[Black "Goutham Krishna H"]
[Result "1-0"]
[WhiteTitle "GM"]
[BlackTitle "IM"]
[WhiteElo "2753"]
[BlackElo "2433"]
[WhiteFideId "5202213"]
[BlackFideId "25983504"]
[EventDate "2025.12.29"]

1. e4 d5 2. exd5 Qxd5 3. Nc3 Qd6 4. d4 Nf6 5. Nf3 a6 6. g3 b5 7. Bg2 Bb7 8. O-O
e6 9. Ne5 Bxg2 10. Kxg2 Be7 11. Qf3 Ra7 12. Bf4 Qb6 13. d5 O-O 14. dxe6 fxe6 15.
Rad1 Bc5 16. Nd3 Bd6 17. Rfe1 b4 18. Be3 c5 19. Bxc5 Bxc5 20. Na4 Qb5 21. Naxc5
Nfd7 22. Qe3 Nxc5 23. Qxc5 Qb7+ 24. Kg1 a5 25. Rxe6 Nd7 26. Qc6 Qb8 27. Re7 Nf6
28. Rde1 h5 29. Nf4 Rc8 30. Qe6+ Kh7 31. Rxa7 1-0

[Event "World Blitz 2025"]
[Site "Doha QAT"]
[Date "2025.12.29"]
[Round "6.19"]
[White "Gurel, Ediz"]
[Black "Aronian, Levon"]
[Result "0-1"]
[WhiteTitle "GM"]
[BlackTitle "GM"]
[WhiteElo "2645"]
[BlackElo "2729"]
[WhiteFideId "44507356"]
[BlackFideId "13300474"]
[EventDate "2025.12.29"]

1. e4 c5 2. Nf3 Nc6 3. Bb5 h6 4. c3 Nf6 5. e5 Nd5 6. O-O a6 7. Bd3 d6 8. exd6
Qxd6 9. Bc2 Bg4 10. h3 Bh5 11. d3 e6 12. Nbd2 Be7 13. Ne4 Qc7 14. Ng3 Bg6 15.
Bb3 Rd8 16. Qe2 O-O 17. Rd1 Nf4 18. Bxf4 Qxf4 19. Rd2 Qc7 20. Ne4 Rd7 21. Qe3 b6
22. d4 cxd4 23. Nxd4 Nxd4 24. cxd4 Rfd8 25. Rad1 Qb7 26. Nc3 Bg5 27. f4 Bf6 28.
Kh1 b5 29. d5 Bxc3 30. Qxc3 exd5 31. Qe5 Be4 32. f5 Qc6 33. Rd4 a5 34. a4 b4 35.
R1d2 Rc8 36. Kh2 Kf8 37. Qf4 Qc7 38. Kg3 Bxf5 39. Qxc7 Rcxc7 40. Bxd5 Rc2 41.
Rxc2 Bxc2 42. Rc4 Bxa4 43. Rc8+ Ke7 44. Bc4 Bb3 45. Bb5 Rd2 46. Rc7+ Kf6 47. Ra7
Bd5 48. Bf1 Rxb2 49. Rxa5 Rd2 50. Ra6+ Ke5 51. Ra5 b3 52. Rb5 Kd4 53. Rb8 b2 0-1

[Event "World Blitz 2025"]
[Site "Doha QAT"]
[Date "2025.12.29"]
[Round "6.20"]
[White "Oro, Faustino"]
[Black "Caruana, Fabiano"]
[Result "0-1"]
[WhiteTitle "IM"]
[BlackTitle "GM"]
[WhiteElo "2503"]
[BlackElo "2795"]
[WhiteFideId "20000197"]
[BlackFideId "2020009"]
[EventDate "2025.12.29"]

1. e4 c5 2. Nf3 Nc6 3. Nc3 g6 4. d4 cxd4 5. Nxd4 Bg7 6. Be3 Nf6 7. Bc4 O-O 8.
Bb3 d6 9. f3 Bd7 10. Qd2 Nxd4 11. Bxd4 b5 12. O-O-O a5 13. a4 bxa4 14. Bxa4 Bxa4
15. Nxa4 Rb8 16. b3 Qc7 17. Qc3 Qb7 18. Kb1 Rfc8 19. Qd3 Qc6 20. Bb2 Rb4 21.
Rhe1 Rcb8 22. Nc3 a4 23. Nd5 Nxd5 24. exd5 Qc7 25. Bxg7 Kxg7 26. Re4 Rxb3+ 27.
cxb3 Rxb3+ 28. Qxb3 axb3 29. Re2 Qc4 30. Red2 h5 31. h3 h4 32. Rc1 Qa4 33. Rc3
Qa3 34. Rb2 Qa5 35. Rbxb3 Qxd5 36. Rd3 Qg5 37. Rb2 Qf5 38. Rd2 g5 39. Kc1 Kg6
40. Kd1 Qc5 41. Rd4 Qb5 42. Ke1 Qc5 43. Kf1 f6 44. Rd1 Kf7 45. R4d2 Ke6 46. Re2+
Kd7 47. Rb1 e5 48. Reb2 Ke6 49. Rb6 Kf5 50. R6b5 Qd4 51. R5b4 Qc5 52. Rb5 Qc4+
53. Kg1 d5 54. Rb6 d4 55. Rd6 Qc5 56. Rbb6 Kf4 57. Rxf6+ Kg3 58. Rfc6 Qa5 59.
Rb1 Qd2 0-1